01605nam a2200337 a 4500001001200000003000800012006001900020007001500039008004100054020001500095020001800110020001800128040002100146035002100167050002500188245016100213260011200374300001900486500012600505500006500631504004100696533015200737650003900889655002900928710004700957710007001004710003101074710001701105856012601122999001901248ebr10161482CaPaEBRm u cr cn|||||||||081016s2006 sz a sbs 000 0 eng d z9241563303 z9789241563307 z9789240681897 aCaPaEBRcCaPaEBR a(OCoLC)27719957914aRA644.T7bD53 2006eb00aDiagnostics for tuberculosish[electronic resource] :bglobal demand and market potential /cSpecial Programme for Research & Training in Tropical Diseases. aGeneva :bWHO on behalf of the Special Programme for Research and Training in Tropical Diseases,c2006. a203 p. :bill. aOn cover: "Special Programme for Research & Training in Tropical Diseases (TDR) sponsored by UNICEF/UNDP/World Bank/WHO." aOn cover: "FIND, Foundation for Innovative New Diagnostics." aIncludes bibliographical references. aElectronic reproduction.bPalo Alto, Calif. :cebrary,d2008.nAvailable via World Wide Web.nAccess may be limited to ebrary affiliated libraries. 0aPublic-private sector cooperation. 7aElectronic books.2local2 aFoundation for Innovative New Diagnostics.2 aSpecial Programme for Research and Training in Tropical Diseases.2 aWorld Health Organization.2 aebrary, Inc.40uhttp://site.ebrary.com/lib/rucke/Doc?id=10161482zAn electronic book accessible through the World Wide Web; click to view c132669d132669